|
|
|
|
| LEADER |
00000nam a2200000 a 4500 |
| 001 |
vtls008390433 |
| 003 |
SK-MaSNL |
| 005 |
20260301221216.0 |
| 008 |
181118s1939 xo slo |
| 015 |
|
|
|a SKSNBA19191938-009019
|
| 035 |
|
|
|a SK01SNKBSKHR20020082650
|
| 035 |
|
|
|a SKM000085113
|
| 040 |
|
|
|a SNK
|b slo
|c SNK
|e AACR2
|
| 041 |
1 |
|
|a slo
|
| 044 |
|
|
|a xo
|c SK
|
| 080 |
|
|
|a 67
|2 1981
|
| 100 |
1 |
|
|a Philadelphy, Emil,
|d 1903-1989
|4 aut
|9 69431
|
| 245 |
1 |
0 |
|a Kalkulácia v remeselníckych dielňach
|c Emil Philadelphy
|
| 260 |
|
|
|a Martin
|b Matica slovenská
|c 1939
|e Martin
|f Kníhtlačiarsky účastinársky spolok
|
| 300 |
|
|
|a 166, [2] s.
|c 8°
|
| 490 |
0 |
|
|a Ľudová knižnica
|v zv. 6
|
| 505 |
0 |
|
|a Úvod. Doslov
|
| 650 |
0 |
7 |
|a remeselníci
|x dielne
|x kalkulácie
|2 SNK
|9 609322
|
| 655 |
|
7 |
|a knihy
|2 SNKPH
|9 307098
|
| 830 |
|
0 |
|a Ľudová knižnica
|9 381776
|
| 852 |
|
|
|a Slovenská národná knižnica v Martine
|b 10000
|h MS SD 3802/6
|
| 958 |
|
|
|a OND
|
| 958 |
|
|
|a RK
|
| 958 |
|
|
|a TL
|
| 999 |
|
|
|c 934921
|d 936851
|
| 952 |
|
|
|a SNK
|b SNK
|y VYP
|7 0
|p 17A0536753
|o snkSD 3802/6 D1
|i snkVI. 831/55
|3 rekatalogizácia
|0 0
|1 0
|4 0
|d 2007-02-07
|l 0
|r 2026-02-24 09:00:37
|w 2026-02-24
|
| 952 |
|
|
|a SNK
|b SNK
|y VYP
|7 0
|p 17A0536752
|o snkSD 3802/6 D2
|i snkVI. 846/55
|3 rekatalogizácia
|0 0
|1 0
|4 0
|d 2007-02-07
|l 0
|r 2026-02-24 09:00:37
|w 2026-02-24
|